Geschichte - Hatten sie es? - Statistiken

Allgemein
  • Dieses Quiz wurde 6.916 mal gespielt
  • Das Durchschnittsergebnis liegt bei 10 aus 15
Antwortstatistiken
Frage Antwort % Korrekt
Hatten die Griechen Wein? Ja
97%
Gab es bei der ersten Mondlandung Fernsehen? Ja
93%
Gab es während der Weltwirtschaftskrise ein Radio? Ja
91%
Hatten die Römer Schießpulver? Nein
89%
Gab es im Ersten Weltkrieg Flugzeuge? Ja
82%
Gab es im alten China schon Plastik? Nein
79%
Haben die Römer Spaghetti mit Marinarasauce gegessen? Nein
77%
Gab es im viktorianischen Zeitalter schon Penicillin? Nein
66%
Gab es während des amerikanischen Bürgerkriegs Fotos? Ja
61%
Gab es während der Französischen Revolution Fahrräder? Nein
61%
Gab es in der Steinzeit jemals domestizierte Hunde? Ja
56%
Hatten die australischen Ureinwohner vor der europäischen Kolonisierung eine Schriftsprache? Nein
51%
Gab es im alten Persien schon Brillen? Nein
39%
Hatten die Inkas Karren mit Rädern? Nein
38%
Trugen Frauen im 18. Jahrhundert so etwas wie einen „Büstenhalter“? Nein
33%
Keine übereinstimmenden Quizze gefunden
Verteilung der Resultate
Anzahl Personen mit jedem Resultat
Perzentil nach korrekt beantworteten Fragen
Ihre Resultats-Entwicklung
Sie haben dieses Quiz noch nicht gespielt